Working with parents of children with special educational needs (Record no. 1391025)

MARC details
000 -LEADER
fixed length control field 00608nam a2200205Ia 4500
005 - DATE AND TIME OF LATEST TRANSACTION
control field 20250508164752.0
008 - FIXED-LENGTH DATA ELEMENTS--GENERAL INFORMATION
fixed length control field 008 250505s9999 xx 000 0 eng d
037 ## - SOURCE OF ACQUISITION
Stock number Textual
040 ## - CATALOGING SOURCE
Original cataloging agency FEDL
Language of cataloging eng
Transcribing agency FEDL
041 ## - LANGUAGE CODE
Language code of text/sound track or separate title eng
Source of code eng
084 ## - COLON CLASSIFICATION NUMBER
Classification number 371.9, DUK
Assigning agency FEDL
100 ## - MAIN ENTRY--PERSONAL NAME
Personal name Dukes Chris
9 (RLIN) 779122
245 #0 - TITLE STATEMENT
Title Working with parents of children with special educational needs
260 ## - PUBLICATION, DISTRIBUTION, ETC.
Place of publication, distribution, etc. London, UK
Name of publisher, distributor, etc. Paul Chapman Publishing Limited
Date of publication, distribution, etc. 2007
300 ## - PHYSICAL DESCRIPTION
Extent xii,123p.
365 ## - TRADE PRICE
Price type code GBP
Price amount 19.99
700 ## - ADDED ENTRY--PERSONAL NAME
Personal name Smith Maggie
9 (RLIN) 779123
942 ## - ADDED ENTRY ELEMENTS (KOHA)
Koha item type Textual
Classification part 371.9, DUK
Holdings
Withdrawn status Lost status Damaged status Not for loan Home library Current library Date acquired Cost, normal purchase price Total Checkouts Full call number Barcode Date last seen Price effective from Koha item type
        Department of Education Library Department of Education Library 2025-05-08 19.99   371.9, DUK EL0084652 2025-05-08 2025-05-08 Textual
Copyright @ Delhi University Library System